Dire Straits Songs By Picture Hint - Statistics

General Stats
  • This quiz has been taken 233 times
  • The average score is 9 of 16
Answer Stats
Picture Answer % Correct
Money For Nothing
87%
Sultans Of Swing
87%
Romeo And Juliet
79%
Brothers In Arms
75%
Lady Writer
72%
Telegraph Road
65%
Walk Of LIfe
62%
Tunnel Of Love
56%
Six Blade Knife
55%
Lions
52%
Once Upon A TIme In The West
41%
News
31%
Solid Rock
28%
So Far Away
23%
Industrial Disease
22%
Ride Across The RIver
18%
No matching quizzes found
Score Distribution
Percent of People with Each Score
Percentile by Number Answered
Your Score History
You have not taken this quiz